[Event "Catalunya-chT GpB final"]
[Site "Barcelona"]
[Date "2015.03.14"]
[Round "8.1"]
[White "Roca Diaz, Miguel Angel"]
[Black "Garcia Ramos, Daniel"]
[Result "0-1"]
[WhiteElo "2043"]
[BlackElo "2194"]
[PlyCount "68"]
[EventDate "2015.03.14"]
[EventType "team-tourn"]
[EventRounds "11"]
[EventCountry "ESP"]
[SourceTitle "EXT 2016"]
[Source "ChessBase"]
[SourceDate "2015.10.08"]
[SourceVersion "1"]
[SourceVersionDate "2015.10.08"]
[SourceQuality "1"]
[WhiteTeam "Sitges"]
[BlackTeam "Peona I Peo"]
[WhiteTeamCountry "ESP"]
[BlackTeamCountry "ESP"]

1. d4 f5 2. g3 e6 3. Bg2 Nf6 4. Nf3 d6 5. c4 Be7 6. Nc3 0-0 7. 0-0 Qe8 8. Ne1 e5 9. dxe5 dxe5 10. Nd5 Bd8 11. e4 Nxe4 12. Qc2 Nf6 13. b3 c6 14. Ne3 g6 15. Nd3 Bc7 16. c5 e4 17. Ne1 Be6 18. Bb2 Nbd7 19. f3 exf3 20. Nxf3 Ne4 21. Rae1 Ndxc5 22. Ng5 Nxg5 23. Qxc5 Nf7 24. Nc4 Qd7 25. Rd1 Qe8 26. Qd4 Ne5 27. Qc3 Bxc4 28. bxc4 Qe6 29. Rfe1 Rfe8 30. Re3 Re7 31. Rde1 Rae8 32. Kf1 Kf7 33. a4 Qxc4+ 34. Kf2 Qxc3 0-1

[Event "Catalunya-chT Gp2"]
[Site "Barcelona"]
[Date "2015.02.07"]
[Round "3.1"]
[White "Montilla Carrillo, Esteban"]
[Black "Roca Diaz, Miguel Angel"]
[Result "1-0"]
[WhiteElo "2211"]
[BlackElo "2043"]
[PlyCount "77"]
[EventDate "2015.01.24"]
[EventType "team-tourn"]
[EventRounds "7"]
[EventCountry "ESP"]
[SourceTitle "CBM 164 Extra"]
[Source "ChessBase"]
[SourceDate "2015.03.02"]
[SourceVersion "1"]
[SourceVersionDate "2015.03.02"]
[SourceQuality "1"]
[WhiteTeam "Mollet"]
[BlackTeam "Sitges"]
[WhiteTeamCountry "ESP"]
[BlackTeamCountry "ESP"]

1. Nf3 d5 2. e3 c6 3. c4 Nf6 4. b3 Nbd7 5. Bb2 e6 6. Be2 Be7 7. 0-0 0-0 8. d3 b6 9. Nbd2 Bb7 10. a3 Nc5 11. b4 dxc4 12. Nxc4 Ncd7 13. Rc1 c5 14. b5 Nd5 15. Qb3 Bf6 16. Nd6 Qc7 17. Nxb7 Bxb2 18. Qxb2 Qxb7 19. Nd2 a6 20. a4 axb5 21. axb5 Ra4 22. Ra1 Rb4 23. Qa3 Rxb5 24. Nc4 Rb4 25. Qa7 Qxa7 26. Rxa7 Nb8 27. g3 Nc6 28. Ra6 Nc3 29. Bf3 b5 30. Rxc6 bxc4 31. Rxc5 Nb1 32. Rd1 cxd3 33. Rxd3 g6 34. Rc7 Rb2 35. Rdd7 Rbb8 36. Bg4 Rbc8 37. Rxf7 Rxc7 38. Rxc7 Re8 39. Rc8 1-0

[Event "Catalunya-chT"]
[Site "Catalunya"]
[Date "2014.04.05"]
[Round "11.4"]
[White "Roca Diaz, Miguel Angel"]
[Black "Codina Garcia, Jose"]
[Result "1-0"]
[WhiteElo "2043"]
[BlackElo "2119"]
[PlyCount "88"]
[EventDate "2014.01.25"]
[EventType "team"]
[EventRounds "11"]
[EventCountry "ESP"]
[SourceTitle "EXT 2015"]
[Source "ChessBase"]
[SourceDate "2014.11.20"]
[SourceVersion "1"]
[SourceVersionDate "2014.11.20"]
[SourceQuality "1"]
[WhiteTeam "Sitges"]
[BlackTeam "Lleida"]
[WhiteTeamCountry "ESP"]
[BlackTeamCountry "ESP"]

1. d4 d5 2. c4 e6 3. Nf3 Nf6 4. g3 Be7 5. Bg2 0-0 6. 0-0 Nbd7 7. Nc3 c6 8. b3 b6 9. Bf4 Bb7 10. Re1 Rc8 11. Rc1 Re8 12. e4 dxe4 13. Nd2 Nf8 14. Ndxe4 Ng6 15. Be3 Qc7 16. d5 Nxe4 17. Nxe4 Red8 18. Qe2 exd5 19. cxd5 Qd7 20. Ng5 Bxg5 21. Bxg5 f6 22. dxc6 Bxc6 23. Qc4+ Qf7 24. Qxf7+ Kxf7 25. Bxf6 Kxf6 26. Rxc6+ Rxc6 27. Bxc6 Rd2 28. a4 Ne5 29. Be4 Ng4 30. Bxh7 g6 31. Bg8 Ne5 32. Re3 g5 33. h3 Kf5 34. Bh7+ Kf6 35. Be4 Rd4 36. Kg2 Rd2 37. g4 Rd4 38. Kg3 Rd2 39. f4 gxf4+ 40. Kxf4 Nf7 41. h4 Rd4 42. g5+ Kg7 43. Rd3 Rb4 44. Rd7 a5 1-0

[Event "Barcelona Chavarria Memorial 1st"]
[Site "Barcelona"]
[Date "2012.10.31"]
[Round "5"]
[White "Cruz Estrada, Filemon"]
[Black "Roca Diaz, Miguel Angel"]
[Result "1-0"]
[WhiteElo "2425"]
[BlackElo "2041"]
[PlyCount "43"]
[EventDate "2012.10.03"]
[EventType "swiss"]
[EventRounds "9"]
[EventCountry "ESP"]
[SourceTitle "EXT 2014"]
[Source "ChessBase"]
[SourceDate "2013.11.20"]
[SourceVersion "1"]
[SourceVersionDate "2013.11.20"]
[SourceQuality "1"]

1. c4 c6 2. e4 d5 3. exd5 cxd5 4. d4 Nf6 5. Nc3 Nc6 6. Nf3 Be6 7. c5 g6 8. h3 Bg7 9. Bb5 0-0 10. 0-0 Ne4 11. Bf4 f6 12. Re1 Nxc3 13. bxc3 Bf7 14. Bxc6 bxc6 15. Qa4 e5 16. dxe5 fxe5 17. Bxe5 Bxe5 18. Rxe5 Qf6 19. Rae1 Rfb8 20. Qd4 Kg7 21. Ng5 Re8 22. Nxf7 1-0

[Event "Catalunya-chT Honor"]
[Site "Catalunya"]
[Date "2008.03.02"]
[Round "6"]
[White "Manera Lopez, Josep"]
[Black "Roca Diaz, Miguel Angel"]
[Result "1-0"]
[WhiteElo "2145"]
[BlackElo "2096"]
[PlyCount "153"]
[EventDate "2008.01.27"]
[EventType "team-tourn"]
[EventRounds "9"]
[EventCountry "ESP"]
[SourceTitle "EXT 2019"]
[Source "ChessBase"]
[SourceDate "2018.10.10"]
[SourceVersion "1"]
[SourceVersionDate "2018.10.10"]
[SourceQuality "1"]

1. e4 c6 2. d3 d5 3. Nd2 e5 4. Ngf3 Bd6 5. Be2 Nf6 6. 0-0 0-0 7. c3 Bg4 8. Re1 Nbd7 9. Qc2 Qc7 10. Nf1 dxe4 11. dxe4 Nc5 12. Ng3 Bxf3 13. Bxf3 Ne6 14. Nf5 Rad8 15. Nxd6 Rxd6 16. Be3 c5 17. Rad1 Rfd8 18. Rxd6 Rxd6 19. Rd1 b6 20. Rxd6 Qxd6 21. Be2 Qc6 22. f3 b5 23. Qb3 a6 24. a4 Nc7 25. axb5 axb5 26. Qa3 Nd7 27. Qa7 h6 28. Kf2 c4 29. Qa3 Nb6 30. Bd1 Ne6 31. Qa7 Nd7 32. Bc2 Nec5 33. Ke2 Ne6 34. g3 g5 35. b3 Qd6 36. bxc4 bxc4 37. Qa4 Nb6 38. Qb5 Nd4+ 39. cxd4 exd4 40. e5 Qd8 41. Be4 dxe3 42. Kxe3 c3 43. Bd3 Qc7 44. e6 fxe6 45. Qe8+ Kg7 46. Qxe6 Qc5+ 47. Ke2 Qg1 48. Qg6+ Kf8 49. Qxh6+ Ke8 50. Bb5+ Ke7 51. Qxg5+ Kd6 52. Kd3 Qd1+ 53. Kxc3 Nd5+ 54. Kb2 Qd4+ 55. Kc1 Qc5+ 56. Kd2 Qxb5 57. Qd8+ Kc5 58. Qc8+ Kb4 59. Qc2 Qd7 60. Qd3 Kc5 61. f4 Qh3 62. Qe2 Qh8 63. Ke1 Qc3+ 64. Kf2 Qd4+ 65. Kg2 Ne3+ 66. Kf3 Nd5 67. Qf2 Qxf2+ 68. Kxf2 Nf6 69. Kf3 Kd5 70. g4 Ke6 71. h4 Nd5 72. h5 Kf6 73. Ke4 Ne7 74. g5+ Kf7 75. f5 Nc6 76. g6+ Kg8 77. f6 1-0

[Event "Catalunya-ch"]
[Site "Barcelona"]
[Date "2002.03.31"]
[Round "8.4"]
[White "Roca Diaz, Miguel Angel"]
[Black "Vidarte Morales, Arturo"]
[Result "0-1"]
[WhiteElo "2055"]
[BlackElo "2394"]
[PlyCount "67"]
[EventDate "2002.03.24"]
[EventType "swiss"]
[EventRounds "9"]
[EventCountry "ESP"]
[SourceTitle "EXT 2003"]
[Source "ChessBase"]
[SourceDate "2002.11.25"]
[SourceVersion "1"]
[SourceVersionDate "2002.11.25"]
[SourceQuality "1"]

1. e4 c5 2. Nf3 e6 3. Nc3 a6 4. d4 cxd4 5. Nxd4 Qc7 6. Be2 b5 7. f4 Bb7 8. Bf3 d6 9. 0-0 Nd7 10. Be3 Ngf6 11. Qe1 Be7 12. Qg3 b4 13. Nce2 g6 14. e5 Nd5 15. Bxd5 Bxd5 16. exd6 Bxd6 17. c3 0-0 18. cxb4 Bxb4 19. Rac1 Qd6 20. Nc3 Nf6 21. Nxd5 Nxd5 22. Nb3 Nxe3 23. Qxe3 Qb8 24. Rc4 Bd6 25. Qh3 Qb5 26. Rc3 Rac8 27. Qf3 a5 28. Rfc1 Rxc3 29. bxc3 Qa4 30. Rc2 Bxf4 31. c4 Bb8 32. Qb7 Qa3 33. Qb5 Qd6 34. g3 0-1